| 000 | 01140nam a2200241Ia 4500 | ||
|---|---|---|---|
| 003 | Ost | ||
| 005 | 20260507075445.0 | ||
| 008 | 260507s9999||||xx |||||||||||||| ||und|| | ||
| 020 | _a9773451429 | ||
| 040 | _cfsecg | ||
| 041 | _aara | ||
| 082 | _a330 | ||
| 100 |
_aووترز، دونالد _eمؤلف |
||
| 245 | 0 |
_a101 طريقة لتطوير اداء الشركات / _c دونالد ووترز |
|
| 250 | _aطبعة 2 | ||
| 260 |
_aالقاهرة: _bدار الفاروق, _c2007 |
||
| 300 |
_a168 صفحة؛ _bإيضاحات ؛ _c24 سم |
||
| 490 | _aللجميع | ||
| 520 | _aالمديرون واتخاذ القرارات، كيفية وضع خطط لتنفيذ الأهداف المطلوبة، الاهتمام بمقومات النجاح، التركيز على العمليات، الاهتمام بالمنتجات، السعي وراء جودة عالية المستوى، اختيار افضل العمليات المتاحة، وضع خطط للعمليات، ادارة الاحكام الخاصة بالعمليات | ||
| 653 | _aاتخاذ القرارات | ||
| 653 | _aالمنتجات | ||
| 942 | _cكتاب | ||
| 999 |
_c44579 _d44579 |
||